<?xml version="1.0" encoding="UTF-8"?>
<record
    xmlns:xsi="http://www.w3.org/2001/XMLSchema-instance"
    xsi:schemaLocation="http://www.loc.gov/MARC21/slim http://www.loc.gov/standards/marcxml/schema/MARC21slim.xsd"
    xmlns="http://www.loc.gov/MARC21/slim">

  <leader>01245nam a22002417a 4500</leader>
  <controlfield tag="005">20211221093344.0</controlfield>
  <controlfield tag="008">211221b           ||||| |||| 00| 0 eng d</controlfield>
  <datafield tag="020" ind1=" " ind2=" ">
    <subfield code="a">0312066074</subfield>
  </datafield>
  <datafield tag="040" ind1=" " ind2=" ">
    <subfield code="c">AL</subfield>
  </datafield>
  <datafield tag="041" ind1=" " ind2=" ">
    <subfield code="a">eng</subfield>
  </datafield>
  <datafield tag="082" ind1=" " ind2=" ">
    <subfield code="2">23</subfield>
    <subfield code="a">320.954</subfield>
    <subfield code="b">THOD</subfield>
  </datafield>
  <datafield tag="100" ind1=" " ind2=" ">
    <subfield code="a">Raju C C Thomas</subfield>
    <subfield code="9">11969</subfield>
  </datafield>
  <datafield tag="245" ind1=" " ind2=" ">
    <subfield code="a">Democracy, Securtiy, and Development in India</subfield>
  </datafield>
  <datafield tag="260" ind1=" " ind2=" ">
    <subfield code="a">New York:</subfield>
    <subfield code="b">St Martins Press,</subfield>
    <subfield code="c">1994,</subfield>
  </datafield>
  <datafield tag="300" ind1=" " ind2=" ">
    <subfield code="a">viii,182 p.</subfield>
    <subfield code="b">HB</subfield>
    <subfield code="c">21x14 cm.</subfield>
  </datafield>
  <datafield tag="520" ind1=" " ind2=" ">
    <subfield code="a">Separatist movements, together with the rapid polarization of the Hindu and Muslim communities, have increasingly made governing India a nightmare. Thomas explains the dilemmas facing a state that is both genuinely committed to pluralism and democracy and that wishes to maintain law and order within its current borders. Human rights abuses in Kashmir certainly stem from authoritarian tendencies within the government and army, but also from a paralyzing fear of what would happen in the event of the Indian state unravelling into its hundreds of constituent parts.</subfield>
  </datafield>
  <datafield tag="650" ind1=" " ind2=" ">
    <subfield code="a">Democracy</subfield>
    <subfield code="9">11964</subfield>
  </datafield>
  <datafield tag="650" ind1=" " ind2=" ">
    <subfield code="a">National Security</subfield>
    <subfield code="9">11965</subfield>
  </datafield>
  <datafield tag="650" ind1=" " ind2=" ">
    <subfield code="a">Civil Military Relations</subfield>
    <subfield code="9">11966</subfield>
  </datafield>
  <datafield tag="650" ind1=" " ind2=" ">
    <subfield code="a">Economic Policy</subfield>
    <subfield code="9">11967</subfield>
  </datafield>
  <datafield tag="700" ind1=" " ind2=" ">
    <subfield code="a">THOMAS (Raju C C)</subfield>
    <subfield code="9">11968</subfield>
  </datafield>
  <datafield tag="942" ind1=" " ind2=" ">
    <subfield code="2">ddc</subfield>
    <subfield code="c">GF</subfield>
  </datafield>
  <datafield tag="999" ind1=" " ind2=" ">
    <subfield code="c">220997</subfield>
    <subfield code="d">220997</subfield>
  </datafield>
  <datafield tag="952" ind1=" " ind2=" ">
    <subfield code="0">0</subfield>
    <subfield code="1">0</subfield>
    <subfield code="2">ddc</subfield>
    <subfield code="4">0</subfield>
    <subfield code="7">0</subfield>
    <subfield code="8">PS</subfield>
    <subfield code="a">AL</subfield>
    <subfield code="b">AL</subfield>
    <subfield code="d">2013-03-24</subfield>
    <subfield code="l">0</subfield>
    <subfield code="o">320.954 THOD</subfield>
    <subfield code="p">GF00687</subfield>
    <subfield code="r">2021-12-21 00:00:00</subfield>
    <subfield code="w">2021-12-21</subfield>
    <subfield code="y">GF</subfield>
  </datafield>
</record>
